|
|
|
|
| LEADER |
00000nam a2200000 a 4500 |
| 005 |
20110922094755.0 |
| 008 |
911219s1991 xxu|||||| 001 ||eng|d |
| 035 |
|
|
|a 2480
|
| 040 |
|
|
|a vLex
|
| 043 |
|
|
|a n-us---
|
| 080 |
|
|
|a 347.78(73)
|
| 090 |
|
|
|c 2518
|d 2518
|
| 100 |
1 |
|
|a Gorman, Robert A.
|
| 245 |
1 |
0 |
|a Copyright law
|h [Recurso electrn̤ico] /
|c Robert A. Gorman, Kenneth W. Gemmill
|
| 256 |
|
|
|a Servicio en ln̕ia.
|
| 260 |
|
|
|a [s.l.] :
|b LLMC,
|c 1991
|
| 300 |
|
|
|a xv, 868 p.;
|c 25 cm
|
| 504 |
|
|
|a Bibliografia
|
| 504 |
|
|
|a Índice
|
| 506 |
1 |
|
|a Contenido solo disponible en los productos indicados
|d vLex Global
|d vLex Global (Academic Edition, excluding Law Schools)
|d vLex Global (U.S. Academic Edition, Law Schools)
|d vLex Global (U.S. Academic Edition, excluding Law Schools)
|d vLex Global (Academic Edition, Law Schools)
|
| 650 |
0 |
4 |
|a Derechos de autor
|z Estados Unidos de Amřica
|
| 740 |
0 |
|
|a vLex Libros (Servicio en ln̕ea)
|
| 856 |
4 |
0 |
|u http://vlex.com/source/copyright-law-2480
|z Acceso restringido
|
| 942 |
|
|
|c BOOK
|